[Event "Mechanics' Shipman TNM; G/2 d/5"]
[Site "San Francisco"]
[Date "2018.09.11"]
[Round "6.16"]
[White "Yanofsky, Kevin"]
[Black "Boldt, Tim"]
[Result "1-0"]
[WhiteElo "1862"]
[BlackElo "1383"]
[Annotator "Winslow,Elliott"]
[PlyCount "43"]
[EventDate "2018.??.??"]
[Source "ChessBase"]
[SourceDate "2007.09.04"]

1. d4 Nf6 2. c4 e5 3. dxe5 Ng4 4. Nf3 Bc5 {
A case can be made for *not* going into this line and preferring} (4... Nc6 5.
Bf4 Bb4+) 5. e3 Nc6 6. Nc3 O-O 7. Be2 Re8 8. b3 Ngxe5 9. Bb2 Nxf3+ 10. Bxf3 Ne5
11. Be2 d6 12. O-O Qg5 13. Ne4 Qh6 $4 {over the edge} 14. Nxc5 dxc5 15. Bxe5
Bh3 16. Bg3 Bf5 17. Qd5 Be4 18. Qxc5 c6 19. Rfd1 Qg6 20. Rd6 Re6 21. Rad1 (21.
Qxa7) 21... b6 22. Rd8+ 1-0

[Event "Mechanics' Summer TNM; G/2 d/5"]
[Site "San Francisco"]
[Date "2018.06.17"]
[Round "8.16"]
[White "Yanofsky, Kevin"]
[Black "Cendejas, Juan Rodolfo"]
[Result "1-0"]
[WhiteElo "1859"]
[BlackElo "1707"]
[PlyCount "86"]
[EventDate "2018.??.??"]
[Source "ChessBase"]
[SourceDate "2007.09.04"]

1. d4 Nf6 2. c4 e5 3. dxe5 Ng4 4. Nf3 Nc6 5. Bf4 Bb4+ 6. Nbd2 Qe7 7. e3 Ngxe5
8. Nxe5 Nxe5 9. Be2 Qd6 10. O-O Bxd2 11. Bxe5 Qxe5 12. Qxd2 d6 13. Bf3 O-O 14.
Rfd1 Rd8 15. Rac1 c6 16. Qd4 Qg5 17. Rd2 Be6 18. Rcd1 Rd7 19. b3 Kf8 20. Qb2
Rad8 21. Qa3 Qc5 22. Qxc5 dxc5 23. Rxd7 Rxd7 24. Rxd7 Bxd7 25. Be4 Ke7 26. f4
f5 27. Bd3 Kf6 28. Kf2 h6 29. h3 g5 30. Kf3 h5 31. e4 g4+ 32. hxg4 hxg4+ 33.
Ke3 a6 34. exf5 Bxf5 35. Bxf5 Kxf5 36. g3 b5 37. Kd3 a5 38. a4 b4 39. Ke3 Kf6
40. Ke4 Ke6 41. f5+ Kf6 42. Kf4 Ke7 43. Kxg4 Kd6 1-0

[Event "Mechanics' Summer TNM; G/2 d5"]
[Site "San Francisco"]
[Date "2018.06.05"]
[Round "2.3"]
[White "Yanofsky, Kevin"]
[Black "Chambers, Ezra Paul"]
[Result "0-1"]
[WhiteElo "1859"]
[BlackElo "2273"]
[Annotator "Winslow,E"]
[PlyCount "92"]
[EventDate "2018.??.??"]
[Source "ChessBase"]
[SourceDate "2007.09.04"]

1. d4 d5 2. c4 c6 3. Nf3 Nf6 4. Nc3 a6 5. e3 b5 6. b3 Bg4 7. Be2 Nbd7 8. O-O
Qb8 9. h3 Bh5 10. Bb2 e6 (10... bxc4 11. Na4) 11. cxd5 cxd5 12. Ne5 Bxe2 13.
Nxd7 Bxd1 14. Nxb8 Bh5 15. Nc6 Rc8 16. Ne5 Nd7 17. Nxd7 Kxd7 18. Rfc1 Bd6 19.
Kf1 g5 20. Ne2 Rb8 21. a3 a5 22. Ke1 Bg6 23. Kd2 h5 24. Bc3 a4 25. b4 g4 26. h4
Be4 27. g3 f6 28. Nf4 Rbc8 29. Nd3 Bxd3 30. Kxd3 Rc4 31. Bb2 Rhc8 32. Bc3 e5
33. Kd2 Ke6 34. Bb2 Kf5 35. Kd3 exd4 36. exd4 Bf8 37. Bc3 Bh6 38. Rc2 Re8 39.
Raa2 Re4 40. Re2 Ke6 41. Rac2 f5 42. Bb2 Bg7 43. Re3 Bxd4 44. Bxd4 Rcxd4+ 45.
Ke2 Rc4 46. Rd2 d4 0-1

[Event "Mechanics' Winter TNM; G/2 d5"]
[Site "San Francisco"]
[Date "2018.01.23"]
[Round "3.12"]
[White "Yanofsky, Kevin"]
[Black "Childress, Jason W"]
[Result "0-1"]
[WhiteElo "1855"]
[BlackElo "2039"]
[Annotator "Donaldson"]
[PlyCount "40"]
[EventDate "2018.??.??"]
[Source "ChessBase"]
[SourceDate "2007.09.04"]

1. d4 d5 2. c4 e6 3. Nc3 c5 4. cxd5 exd5 5. Nf3 Nc6 6. Bg5 Be7 7. Bxe7 Ngxe7 8.
dxc5 d4 9. Ne4 O-O 10. g3 Qd5 11. Ned2 Rd8 12. Nb3 (12. Bg2 Qxc5 13. O-O $11)
12... a5 13. Bg2 a4 14. Nc1 Qxc5 15. a3 (15. Nd3 Qa5+ 16. Qd2 a3 $11) 15... Qb5
16. Qd3 $2 (16. Nd3) 16... Qxb2 17. Rb1 Qc3+ 18. Nd2 $2 (18. Qxc3 dxc3 19. O-O)
18... Bf5 19. Qxc3 dxc3 20. Ne4 c2 0-1

[Event "Mechanics' Spring TNM; G/2 d5"]
[Site "San Francisco"]
[Date "2018.04.24"]
[Round "6.23"]
[White "Yanofsky, Kevin"]
[Black "Donnelly, Patrick"]
[Result "1-0"]
[WhiteElo "1840"]
[BlackElo "1634"]
[PlyCount "67"]
[EventDate "2018.??.??"]
[Source "ChessBase"]
[SourceDate "2007.09.04"]

1. d4 Nf6 2. c4 g6 3. Nc3 d5 4. cxd5 Nxd5 5. e4 Nxc3 6. bxc3 Bg7 7. Bc4 c5 8.
Ne2 cxd4 9. cxd4 O-O 10. O-O Nc6 11. Be3 e6 12. Qd2 b6 13. Rac1 Bb7 14. f4 (14.
Rfd1) 14... Rc8 15. f5 Na5 16. Bd3 Qe7 17. Rxc8 Rxc8 18. f6 $5 Bxf6 19. Rxf6
Qxf6 20. Bg5 Qg7 21. Bh6 Qh8 22. e5 f6 (22... f5) 23. Qf4 f5 24. g4 Be4 (24...
Kf7 25. gxf5 gxf5 26. Bxf5) 25. Bxe4 fxe4 26. Nc3 $1 g5 27. Qxg5+ Kf7 28. Nxe4
(28. Nd5 $3 exd5 (28... Nc6 29. Qh5+ Kg8 30. Nf6+) 29. Qf5+ Ke7 30. Bg5+ Ke8
31. Qxc8+) 28... Nc4 29. Qh5+ Ke7 30. Bg5+ Kf8 31. Qh6+ Kf7 32. Qh5+ Kf8 33.
Nf6 Na5 34. Nd7+ 1-0

[Event "Mechanics' Summer TNM; G/2 d/5"]
[Site "San Francisco"]
[Date "2018.06.12"]
[Round "3.20"]
[White "Yanofsky, Kevin"]
[Black "Francis, Daniel"]
[Result "1-0"]
[WhiteElo "1859"]
[BlackElo "1558"]
[PlyCount "49"]
[EventDate "2018.??.??"]
[Source "ChessBase"]
[SourceDate "2007.09.04"]

1. d4 d5 2. c4 e5 3. dxe5 d4 4. Nf3 Nc6 5. a3 Nge7 6. b4 Ng6 7. Bb2 Ncxe5 8.
Nbd2 c5 9. Nxe5 Nxe5 10. bxc5 Qa5 11. Bxd4 Nxc4 12. e3 Be6 13. Qc1 Qxd2+ 14.
Qxd2 Nxd2 15. Kxd2 Rc8 16. Bb5+ Bd7 17. Bxd7+ Kxd7 18. Rhc1 f6 19. Rab1 Rc7 20.
Rb5 Be7 21. Rcb1 Rb8 22. e4 Kc6 23. Ke2 Rd8 24. Be3 Rdd7 25. Rb6+ 1-0

[Event "Mechanics' Shipman TNM; G/2 d/5"]
[Site "San Francisco"]
[Date "2018.09.25"]
[Round "8.4"]
[White "Yanofsky, Kevin"]
[Black "Gaffagan, Steven"]
[Result "1/2-1/2"]
[WhiteElo "1862"]
[BlackElo "2084"]
[PlyCount "105"]
[EventDate "2018.??.??"]
[Source "ChessBase"]
[SourceDate "2007.09.04"]

1. d4 Nf6 2. c4 g6 3. Nc3 Bg7 4. e4 d6 5. Nf3 O-O 6. Be2 c6 7. O-O Na6 8. Bg5
h6 9. Bh4 Nh5 10. Qd2 g5 11. Bg3 Nxg3 12. hxg3 f5 13. Rad1 Qe8 14. Bd3 Qf7 15.
Qe2 fxe4 16. Nxe4 Bg4 17. Ned2 c5 18. Qe4 Bf5 19. Qxf5 Qxf5 20. Bxf5 Rxf5 21.
d5 b6 22. b3 Nb4 23. Rfe1 Rf7 24. a3 Nc2 25. Re6 Raf8 26. g4 Nxa3 27. Rde1 Nc2
28. R1e2 Nd4 29. Nxd4 Bxd4 30. Nf3 Bf6 31. Nd2 Bd4 32. Nf3 Bf6 33. Nd2 Kg7 34.
Kf1 b5 35. Ne4 Bd4 36. f3 bxc4 37. bxc4 Rb8 38. Ng3 Rb1+ 39. Re1 Rxe1+ 40. Rxe1
Be5 41. Nf5+ Kg6 42. Ke2 h5 43. Rb1 hxg4 44. fxg4 Bf6 45. Rb8 Rh7 46. Ra8 a5
47. Rxa5 Rh2 48. Kf3 Kf7 49. Ra7 Ke8 50. Ra8+ Kf7 51. Ra7 Ke8 52. Ra8+ Kf7 53.
Ra7 1/2-1/2

[Event "Mechanics' Winter TNM; G/2 d5"]
[Site "San Francisco"]
[Date "2018.02.06"]
[Round "5.18"]
[White "Yanofsky, Kevin"]
[Black "Rakonitz, David"]
[Result "1-0"]
[WhiteElo "1855"]
[BlackElo "1595"]
[PlyCount "89"]
[EventDate "2018.??.??"]
[Source "ChessBase"]
[SourceDate "2007.09.04"]

1. d4 Nf6 2. c4 e6 3. Nc3 Bb4 4. Qc2 c5 5. dxc5 O-O 6. Bg5 h6 7. Bh4 Bxc5 8.
Nf3 Nc6 9. e3 b6 10. Rd1 Be7 11. Be2 Qc7 12. Bg3 d6 13. Nb5 Qb7 14. Nxd6 Qa6
15. a3 Qa5+ 16. Qd2 Rd8 17. Qxa5 Nxa5 18. b4 Nb7 19. Nxc8 Raxc8 20. O-O Ne4 21.
Be5 Bf6 22. Bxf6 Nxf6 23. Rxd8+ Rxd8 24. Rd1 Rxd1+ 25. Bxd1 Kf8 26. Ne5 Nd8 27.
Bf3 Ke7 28. Nc6+ Nxc6 29. Bxc6 Ng4 30. h3 Ne5 31. Bb5 Kd6 32. f4 Nc6 33. Bxc6
Kxc6 34. Kf2 g6 35. g4 f6 36. Kf3 Kd6 37. Ke4 g5 38. fxg5 hxg5 39. Kd4 Kc6 40.
Ke4 Kd6 41. Kd3 Kc6 42. e4 e5 43. Ke3 Kd6 44. Kf3 a5 45. Kg3 1-0

[Event "Mechanics' Bedjanian TNM; G/2 d/5"]
[Site "San Francisco"]
[Date "2018.12.04"]
[Round "7.18"]
[White "Yanofsky, Kevin"]
[Black "Sherwood, Peter"]
[Result "1/2-1/2"]
[WhiteElo "1906"]
[BlackElo "1611"]
[Annotator "Sherwood"]
[PlyCount "103"]
[EventDate "2018.??.??"]
[Source "ChessBase"]
[SourceDate "2007.09.04"]

1. e4 c5 2. Nf3 d6 3. d4 cxd4 4. Nxd4 Nf6 5. Nc3 a6 6. Bc4 e6 7. Bb3 Be7 8. h4
Nc6 9. Be3 Na5 10. g4 Nxb3 11. axb3 d5 12. e5 Ne4 13. Nxe4 dxe4 14. g5 Qd5 15.
Qd2 Qxe5 16. Ra5 Qd6 17. Bf4 Qb4 (17... Qb6 18. Re5 Bc5) 18. Re5 Qxd2+ 19. Bxd2
Bd7 (19... b6 20. Rf1 (20. Rxe4 $2 Bb7) 20... Bb7 21. Nf5 $1 Bf8 (21... exf5
22. Bb4) 22. Bc3 O-O-O $19) 20. Rxe4 Bc5 21. Rf1 O-O (21... Rc8 $142) 22. Bc3
Rfd8 23. h5 Rac8 24. g6 f5 $1 25. gxh7+ Kxh7 26. Rh4 Bxd4 (26... Be7 27. Rh2 e5
28. Ne2 f4 $1 29. Bxe5 $6 Rxc2 30. Rg1 $17 (30. Bxf4 $4 Bb4+ $19) (30. Bc3 Bb5
$19 31. Nd4 Rc1+ 32. Kd2 Rxf1) 30... Bb4+ 31. Kf1 Bf8 32. Nd4 (32. Rhg2 Bb5 33.
Rxg7+ Bxg7 34. Rxg7+ Kh6 $19) (32. Bxf4 $2 Bc6) 32... Rxb2 33. h6 gxh6 34. Bxf4
Bc8 (34... Ba4 35. bxa4 Rb1+ 36. Kg2 Rxg1+ 37. Kxg1 Rxd4) 35. Be5 Rd5 36. Bf6
Rb1+ 37. Kg2 Rxg1+ 38. Kxg1 Bc5 39. Rh4 Kg6 40. Bh8) 27. Rxd4 Bc6 (27... Be8
28. Rxd8 Rxd8 29. Rg1 Rd7 30. Rh1 f4 31. Be5 f3 32. Bf4 e5 33. Bd2 (33. Bxe5 $4
Re7) 33... Rf7 34. Bc3 Rf4 $1 35. Kd2 Re4 36. Re1 Rxe1 37. Kxe1 e4 38. Kd2 Kh6
39. Ke3 Kxh5 (39... Bc6 40. Kd4) 40. Bxg7 Kg6 41. Bc3 Kf5 $11) 28. Rxd8 Rxd8
29. Rg1 Rd7 30. Rg3 Be4 31. Re3 Kh6 32. Rg3 Bxc2 33. Rg6+ Kxh5 34. Rxg7 Rxg7
35. Bxg7 Bxb3 36. f4 Kg4 37. Be5 Kf3 38. Kd2 a5 39. Kc3 a4 40. Bd6 Ke4 41. Be5
Kd5 42. Kd2 b5 43. Kc1 Kc4 44. Bf6 Kd3 45. Kb1 Kd2 46. Bc3+ Kd3 47. Be5 b4 48.
Ka1 Kc2 49. Bf6 Kd3 50. Bg7 a3 51. bxa3 bxa3 52. Bf6 1/2-1/2

[Event "Mechanics' Summer TNM; G/2 d5"]
[Site "San Francisco"]
[Date "2018.07.03"]
[Round "6.18"]
[White "Yanofsky, Kevin"]
[Black "Simpkins, Jerry"]
[Result "1-0"]
[WhiteElo "1859"]
[BlackElo "1588"]
[Annotator "Winslow,Elliott"]
[PlyCount "49"]
[EventDate "2018.??.??"]
[Source "ChessBase"]
[SourceDate "2007.09.04"]

1. e4 e5 2. Nf3 f5 3. Nxe5 Qe7 (3... Qf6) 4. Qh5+ g6 5. Nxg6 Qxe4+ 6. Be2 Nf6
7. Qh3 Rg8 8. d3 (8. Nc3 $1 Qxc2 $4 9. Nxf8 Kxf8 10. Bd3) 8... Qc6 9. Nxf8 Rxf8
10. Nc3 d5 11. Bg5 d4 12. Bxf6 $6 Rxf6 (12... Qxf6) 13. Bh5+ (13. Qxh7 $1)
13... Kf8 14. Ne2 Qxc2 $6 (14... Qd6 15. Qh4 Nc6) 15. O-O Nc6 $2 (15... Qd2)
16. Bf3 (16. Qh4 $1) 16... Qxd3 $2 17. Qxh7 Be6 18. Qh8+ Ke7 19. Qxa8 Ne5 20.
Qxb7 (20. Bh5 $1) 20... Nxf3+ 21. Qxf3 Qd2 22. Nf4 Bc4 23. Rfe1+ Kf8 24. Rad1
Qb4 25. Qh5 1-0

[Event "Mechanics' Bedjanian TNM; G/2 d/5"]
[Site "San Francisco"]
[Date "2018.11.20"]
[Round "5.13"]
[White "Yanofsky, Kevin"]
[Black "Smith III, Robert"]
[Result "0-1"]
[WhiteElo "1906"]
[BlackElo "1819"]
[PlyCount "150"]
[EventDate "2018.??.??"]
[Source "ChessBase"]
[SourceDate "2007.09.04"]

1. d4 d5 2. c4 c6 3. Nf3 Nf6 4. Nc3 e6 5. e3 Be7 6. Bd3 dxc4 7. Bxc4 b5 8. Be2
b4 9. Na4 Nbd7 10. Qc2 Bb7 11. O-O O-O 12. Rd1 Rc8 13. Nc5 Nxc5 14. dxc5 Qa5
15. Bd2 Qxc5 16. Qxc5 Bxc5 17. Rac1 Be7 18. Ne5 c5 19. Bf3 Bxf3 20. gxf3 Rfd8
21. e4 Nd7 22. Nxd7 Rxd7 23. Be3 Rxd1+ 24. Rxd1 Rc7 25. Kf1 Kf8 26. Ke2 Ke8 27.
Rc1 c4 28. Bd4 Bf8 29. a3 bxa3 30. bxa3 Bxa3 31. Ra1 Bc5 32. Bxc5 Rxc5 33. Rxa7
c3 34. Kd1 c2+ 35. Kc1 Rc3 36. Ra2 Rxf3 37. Rxc2 Rh3 38. f4 Rf3 39. Rg2 g6 40.
Rg4 Rf1+ 41. Kd2 Rf2+ 42. Ke3 Rxh2 43. f5 e5 44. fxg6 hxg6 45. Rg5 Rh3+ 46. Kf2
Rh5 47. Rg1 Ke7 48. Ra1 f5 49. Ra6 Kf7 50. Kf3 Rh3+ 51. Kf2 f4 52. Ra7+ Kf6 53.
Ra6+ Kg7 54. Re6 Rh5 55. Kf3 Kf7 56. Ra6 Rh3+ 57. Kg4 Rg3+ 58. Kh4 Re3 59. Kg5
Rg3+ 60. Kh4 g5+ 61. Kh5 g4 62. Kh4 Rg1 63. Kg5 f3 64. Rf6+ Ke7 65. Rf5 Kd6 66.
Kh4 Rg2 67. Rg5 f2 68. Rf5 g3 69. Rf3 Rg1 70. Rd3+ Ke6 71. Rf3 f1=Q 72. Rf6+
Qxf6+ 73. Kh3 Rh1+ 74. Kg2 Qf2+ 75. Kxh1 Qh2# 0-1

[Event "Mechanics' Winter TNM; G/2 d5"]
[Site "San Francisco"]
[Date "2018.02.13"]
[Round "6.8"]
[White "Yanofsky, Kevin"]
[Black "Walder, Michael"]
[Result "0-1"]
[WhiteElo "1855"]
[BlackElo "2134"]
[PlyCount "50"]
[EventDate "2018.??.??"]
[Source "ChessBase"]
[SourceDate "2007.09.04"]

1. d4 Nf6 2. c4 e6 3. Nc3 Bb4 4. Qc2 d5 5. Bg5 dxc4 6. e3 b5 7. a4 c6 8. axb5
cxb5 9. Bxf6 Qxf6 10. b3 a5 11. bxc4 Bxc3+ 12. Qxc3 b4 13. Qd2 Bb7 14. f3 O-O
15. Bd3 Nd7 16. Rb1 e5 17. Ne2 exd4 18. exd4 Rac8 19. O-O Ba6 20. c5 Rfd8 21.
Bxa6 Qxa6 22. Qa2 Qb5 23. Rfd1 Nf6 24. Qc2 Nd5 25. Nc3 Qc4 0-1

[Event "Mechanics' Shipman TNM; G/2 d/5"]
[Site "San Francisco"]
[Date "2018.08.14"]
[Round "2.1"]
[White "Yanofsky, Kevin"]
[Black "Winslow, Elliott"]
[Result "0-1"]
[WhiteElo "1862"]
[BlackElo "2292"]
[PlyCount "92"]
[EventDate "2018.??.??"]
[Source "ChessBase"]
[SourceDate "2007.09.04"]

1. d4 Nf6 2. c4 e6 3. Nc3 c5 4. d5 exd5 5. cxd5 d6 6. Nf3 g6 7. g3 Bg7 8. Bg2
O-O 9. O-O a6 10. a4 Nbd7 11. Bf4 Qc7 12. e4 Ng4 13. Nd2 Nge5 14. Qc2 Rb8 15.
a5 b5 16. axb6 Nxb6 17. Nd1 Bd7 18. Ne3 Bb5 19. Bxe5 Bxe5 20. Rfc1 Bd4 21. Re1
Qd7 22. Ra3 c4 23. Ndxc4 Nxc4 24. Nxc4 Rfc8 25. b3 Bxc4 26. bxc4 Rb2 27. Qc1
Rxf2 28. Kh1 Rb8 29. Rf1 Bb2 30. Qb1 Rxf1+ 31. Bxf1 Qa7 32. Ra2 Bd4 33. Qc2 a5
34. Bd3 Rb4 35. Qd1 h5 36. h4 a4 37. g4 Qe7 38. gxh5 Be5 39. Qg4 Rb3 40. hxg6
f5 41. exf5 Rxd3 42. Qe4 Rd4 43. Qe3 Qxh4+ 44. Kg1 Rd1+ 45. Kg2 Qh1+ 46. Kf2
Qf1# 0-1

[Event "Mechanics' Spring TNM; G/2 d5"]
[Site "San Francisco"]
[Date "2018.04.03"]
[Round "3.9"]
[White "Yanofsky, Kevin"]
[Black "Wong, Russell"]
[Result "1-0"]
[WhiteElo "1840"]
[BlackElo "2200"]
[PlyCount "75"]
[EventDate "2018.??.??"]
[Source "ChessBase"]
[SourceDate "2007.09.04"]

1. d4 f5 2. Nf3 Nf6 3. g3 g6 4. Bg2 Bg7 5. O-O O-O 6. c4 d6 7. Nc3 Qe8 8. Re1
h6 9. e4 fxe4 10. Nxe4 Nxe4 11. Rxe4 Qf7 12. Qe2 Nc6 13. d5 Ne5 14. Nxe5 dxe5
15. b3 Bf5 16. Re3 e4 17. Bb2 Bg4 18. Qd2 Bf3 19. Bxg7 Qxg7 20. Rae1 Rae8 21.
Bxf3 exf3 22. Qb4 Rf7 23. Qxb7 Qd4 24. Qc6 Ref8 25. Qxg6+ Rg7 26. Qe4 Qd2 27.
Qh4 Rf6 28. Qh5 Rgf7 29. a4 Qd4 30. Qh3 Qc5 31. Qc8+ Kg7 32. Qe8 Qb4 33. h4 Qb6
34. Rxe7 Qxb3 35. R1e4 h5 36. Rxf7+ Rxf7 37. Qe5+ Kf8 38. Qh8# 1-0

[Event "Mechanics' Bedjanian TNM; G/2 d/5"]
[Site "San Francisco"]
[Date "2018.10.23"]
[Round "1.30"]
[White "Yenikomshian, Ollia"]
[Black "Cortinas, Martin"]
[Result "0-1"]
[WhiteElo "1117"]
[BlackElo "1724"]
[PlyCount "58"]
[EventDate "2018.??.??"]
[Source "ChessBase"]
[SourceDate "2007.09.04"]

1. e4 c6 2. Nc3 d5 3. d4 dxe4 4. Nxe4 Bf5 5. Qf3 e6 6. c3 Be7 7. b4 Nd7 8. Bc4
Ngf6 9. Nxf6+ Nxf6 10. Ne2 O-O 11. O-O Rc8 12. Nf4 Qc7 13. Bb2 Bd6 14. Bc1 Bg4
15. Nxe6 Bxe6 16. Bxe6 fxe6 17. g3 e5 18. dxe5 Bxe5 19. Bd2 Rcd8 20. Bg5 Rd7
21. Rfe1 Nd5 22. Qxf8+ Kxf8 23. Re2 Bxc3 24. Rb1 Bf6 25. Bd2 Re7 26. Rbe1 Rxe2
27. Rxe2 Bc3 28. Bxc3 Nxc3 29. Rc2 Qe5 0-1

[Event "Mechanics' Shipman TNM; G/2 d/5"]
[Site "San Francisco"]
[Date "2018.08.07"]
[Round "1.2"]
[White "Yeung, Rudy"]
[Black "Chambers, Ezra"]
[Result "0-1"]
[WhiteElo "1612"]
[BlackElo "2289"]
[PlyCount "38"]
[EventDate "2018.??.??"]
[Source "ChessBase"]
[SourceDate "2007.09.04"]

1. d4 Nc6 2. d5 Ne5 3. f4 Ng6 4. Nc3 e6 5. Nf3 Nf6 6. dxe6 fxe6 7. e4 Bb4 8.
Bd3 O-O 9. O-O Bc5+ 10. Kh1 Ng4 11. f5 N6e5 12. Nxe5 Nxe5 13. Qh5 d6 14. Bg5
Qe8 15. Qxe8 Rxe8 16. fxe6 Bxe6 17. Nd5 Bxd5 18. exd5 Nxd3 19. cxd3 Re5 0-1

[Event "Mechanics' Winter TNM; G/2 d5"]
[Site "San Francisco"]
[Date "2018.02.27"]
[Round "8.48"]
[White "Yu, Prescott"]
[Black "Boldt, Tim"]
[Result "1-0"]
[WhiteElo "1141"]
[BlackElo "1329"]
[PlyCount "105"]
[EventDate "2018.??.??"]
[Source "ChessBase"]
[SourceDate "2007.09.04"]

1. e4 d6 2. d4 Nf6 3. Nc3 Nbd7 4. Nf3 e5 5. Bc4 Be7 6. O-O h6 7. Re1 c6 8. h3
Qc7 9. a3 g5 10. b4 Nf8 11. Bb2 Ng6 12. Nb1 g4 13. hxg4 Bxg4 14. Nbd2 Nh5 15.
Re3 Nhf4 16. Qe1 Nh4 17. Nxh4 Bxh4 18. g3 Nh3+ 19. Kg2 Bg5 20. Rd3 O-O-O 21.
Nf3 Nf4+ 22. gxf4 Bxf4 23. Bc1 Qd7 24. Qh1 Bh3+ 25. Qxh3 Rhg8+ 26. Ng5 Rxg5+
27. Rg3 Qxh3+ 28. Kxh3 Rh5+ 29. Kg4 Rh1 30. Bxf4 Rxa1 31. Bxh6 Rg8+ 32. Kf5
Rxg3 33. fxg3 Rxa3 34. dxe5 dxe5 35. Kxe5 Rxg3 36. Bxf7 Rg2 37. Bb3 Kc7 38. Kd4
Kd6 39. e5+ Ke7 40. Be3 b6 41. Kc3 Rg3 42. Kd3 c5 43. bxc5 bxc5 44. Ke4 Rg4+
45. Kd5 c4 46. Bxc4 a5 47. Bc5+ Ke8 48. Bb5+ Kf7 49. c4 Rg5 50. Bb6 Rg4 51.
Bxa5 Kg6 52. c5 Kf5 53. Bd7+ 1-0

[Event "Mechanics' Winter TNM; G/2 d5"]
[Site "San Francisco"]
[Date "2018.01.23"]
[Round "3.36"]
[White "Yu, Prescott"]
[Black "Chalissery, Jossy"]
[Result "0-1"]
[WhiteElo "1141"]
[BlackElo "1680"]
[PlyCount "52"]
[EventDate "2018.??.??"]
[Source "ChessBase"]
[SourceDate "2007.09.04"]

1. e4 b6 2. d4 Bb7 3. Bd3 e6 4. Bf4 Nf6 5. Nd2 c5 6. c3 Nc6 7. Ngf3 Ne7 8. O-O
Ng6 9. Be3 Be7 10. Qc2 O-O 11. Rab1 Ng4 12. Rfe1 Nxe3 13. Rxe3 Rc8 14. Qa4 Bc6
15. Bb5 Bxb5 16. Qxb5 cxd4 17. cxd4 Qc7 18. Ree1 Qb7 19. Nf1 Rc2 20. Ng3 Rfc8
21. Ne5 Nxe5 22. Qxe5 Bf6 23. Qf4 Bxd4 24. Ne2 Bxb2 25. Rbd1 Ba3 26. Rd3 Rxe2
0-1

[Event "Mechanics' Spring TNM; G/2 d5"]
[Site "San Francisco"]
[Date "2018.03.20"]
[Round "1.28"]
[White "Yu, Prescott"]
[Black "Lesquillier, Walter"]
[Result "0-1"]
[WhiteElo "1217"]
[BlackElo "1749"]
[Annotator "Donaldson"]
[PlyCount "52"]
[EventDate "2018.??.??"]
[Source "ChessBase"]
[SourceDate "2007.09.04"]

1. e4 c5 2. c3 d5 3. exd5 Qxd5 4. d4 cxd4 5. Nf3 $6 (5. cxd4) 5... e5 6. cxd4
Nc6 7. Nc3 Bb4 8. dxe5 (8. Bd2 $1 Bxc3 9. Bxc3 $14) 8... Qxd1+ 9. Kxd1 Bg4 10.
Bd3 O-O-O 11. Kc2 Bxf3 12. gxf3 Nxe5 13. Bf5+ Kb8 14. Bf4 f6 15. Rhe1 Ne7 16.
Bxe5+ fxe5 17. Rxe5 $4 {Diagram [#]} (17. Be4 $11) 17... Nc6 18. f4 g6 19. Be4
Nxe5 20. fxe5 Rhe8 21. f4 Rf8 22. Nd5 Ba5 23. Rf1 Rde8 24. h4 Rxe5 25. Kd3 Rh5
26. b4 Bd8 0-1

[Event "Mechanics' Winter TNM; G/2 d5"]
[Site "San Francisco"]
[Date "2018.01.09"]
[Round "1.36"]
[White "Yu, Prescott"]
[Black "Mays, Jerry L"]
[Result "0-1"]
[WhiteElo "1141"]
[BlackElo "1700"]
[PlyCount "58"]
[EventDate "2018.??.??"]
[Source "ChessBase"]
[SourceDate "2007.09.04"]

1. c4 g6 2. d4 Bg7 3. Nc3 Nf6 4. g3 O-O 5. Bg2 c6 6. e3 d5 7. c5 Re8 8. Nf3
Nbd7 9. Ne5 Nxe5 10. dxe5 Nd7 11. f4 Nxc5 12. O-O f5 13. b3 Be6 14. Bb2 Qc7 15.
Qc2 a6 16. b4 Ne4 17. Ne2 Rac8 18. Nd4 Qd7 19. a4 c5 20. bxc5 Rxc5 21. Qe2 Rec8
22. Bxe4 dxe4 23. Nxe6 Qxe6 24. Rfc1 Qb3 25. Rxc5 Rxc5 26. Ba3 Rc2 27. Qe1 Qc4
28. Rb1 Qa2 29. Rxb7 Rg2+ 0-1

[Event "Mechanics' Summer TNM; G/2 d/5"]
[Site "San Francisco"]
[Date "2018.07.10"]
[Round "7.34"]
[White "Yu, Prescott"]
[Black "Morgan, Jerry D"]
[Result "0-1"]
[WhiteElo "1189"]
[BlackElo "1524"]
[PlyCount "98"]
[EventDate "2018.??.??"]
[Source "ChessBase"]
[SourceDate "2007.09.04"]

1. e4 Nf6 2. e5 Nd5 3. c4 Nb6 4. d4 d6 5. Nf3 dxe5 6. Nxe5 c6 7. Nc3 N8d7 8.
Nf3 Nf6 9. b3 Bg4 10. Be2 e6 11. O-O Be7 12. Re1 O-O 13. Bb2 Qc7 14. Ne5 Bf5
15. Bd3 Bxd3 16. Qxd3 Rad8 17. Nf3 Qf4 18. Qe3 Nh5 19. Qe5 Qxe5 20. Rxe5 Nf4
21. Rd1 Bf6 22. Ree1 Rd7 23. Ne4 Be7 24. Ne5 Rdd8 25. g3 Nh3+ 26. Kg2 Ng5 27.
f4 Nxe4 28. Rxe4 Nd7 29. Bc3 Nxe5 30. fxe5 Rd7 31. b4 Rfd8 32. Kf3 b5 33. c5 h5
34. h4 Kh7 35. Ke3 Rd5 36. Rf1 Kg8 37. Ref4 Rf8 38. Bb2 g5 39. Re4 Kg7 40. hxg5
Bxg5+ 41. Kf3 Kg6 42. Bc1 f5 43. exf6 Rxf6+ 44. Bf4 Rdf5 45. Ke3 Bxf4+ 46.
Rfxf4 Kg5 47. Re5 Rxe5+ 48. dxe5 Rxf4 49. gxf4+ Kf5 0-1

[Event "Mechanics' Spring TNM; G/2 d5"]
[Site "San Francisco"]
[Date "2018.04.10"]
[Round "4.44"]
[White "Yu, Prescott"]
[Black "Simpkins, Jerry"]
[Result "0-1"]
[WhiteElo "1217"]
[BlackElo "1580"]
[Annotator "Donaldson"]
[PlyCount "18"]
[EventDate "2018.??.??"]
[Source "ChessBase"]
[SourceDate "2007.09.04"]

1. e4 e5 2. Nf3 f5 3. Nxe5 Qe7 4. Qh5+ g6 5. Nxg6 Qxe4+ 6. Kd1 $2 (6. Be2 Nf6
7. Qh3 hxg6 8. Qxh8 Qxg2 9. Rf1) 6... Nf6 7. Qh3 $2 {Diagram [#]} (7. Qh4 Ng4
8. f3 $1 hxg6 9. Qxg4 $11) 7... Ng4 $1 8. Qh4 hxg6 9. Qg3 Bd6 0-1

[Event "Mechanics' Winter TNM; G/2 d5"]
[Site "San Francisco"]
[Date "2018.02.06"]
[Round "5.48"]
[White "Yu, Prescott"]
[Black "Touset, Stephen Ka"]
[Result "0-1"]
[WhiteElo "1141"]
[BlackElo "1574"]
[PlyCount "54"]
[EventDate "2018.??.??"]
[Source "ChessBase"]
[SourceDate "2007.09.04"]

1. e4 d6 2. d4 Nf6 3. Nc3 e5 4. dxe5 dxe5 5. Qxd8+ Kxd8 6. Bc4 Be6 7. Bxe6 fxe6
8. Nge2 Bd6 9. f3 a6 10. Be3 Nbd7 11. Kf2 Ke7 12. a3 h6 13. b4 b5 14. Rad1 g5
15. h3 Nh5 16. Rd2 Nf4 17. Rhd1 Rad8 18. g3 Nxh3+ 19. Kg2 g4 20. fxg4 Ng5 21.
Rf1 Nf6 22. Bxg5 hxg5 23. Kf3 Rdf8 24. Rdd1 c5 25. bxc5 Bxc5 26. Rh1 Nd5+ 27.
Kg2 Ne3+ 0-1

[Event "Mechanics' Bedjanian TNM; G/2 d/5"]
[Site "San Francisco"]
[Date "2018.11.13"]
[Round "4.7"]
[White "Yun, Andrew"]
[Black "Askin, David"]
[Result "0-1"]
[WhiteElo "1700"]
[BlackElo "2008"]
[Annotator "Winslow,Elliott"]
[PlyCount "46"]
[EventDate "2018.??.??"]
[Source "ChessBase"]
[SourceDate "2007.09.04"]

1. e4 c6 2. Nc3 d5 3. d4 dxe4 4. Nxe4 Bf5 5. Ng3 Bg6 6. Nf3 (6. h4 h6 7. Nf3
Nd7 8. h5 Bh7 9. Bd3) 6... Nd7 7. Be2 e6 8. O-O Ngf6 (8... Bd6) 9. Bf4 Be7 10.
c3 (10. c4) 10... O-O 11. Bd3 Bxd3 12. Qxd3 c5 13. Rfe1 cxd4 14. Nxd4 a6 (14...
Nd5) 15. b4 {Instant crippled majority} Rc8 $15 (15... Nd5 $1 $17) 16. a3 (16.
Rad1 Nd5 17. Nde2 $15) 16... Nb6 (16... Nd5) 17. Ne4 Qd5 (17... Nxe4 18. Qxe4
Qd5) 18. Nd2 (18. Bg5) 18... Nc4 (18... Nh5 $1 19. Bg3 (19. Be3 e5) 19... Bf6
$19) 19. Nxc4 Qxc4 20. Qxc4 Rxc4 21. Bd2 Nd5 22. Nb3 b6 23. Rac1 Rfc8 {
White resigns?! Rather premature, but that pawn is certainly not surviving...}
0-1